Minimally Invasive versus Conventional,,, (Record no. 23574)
[ view plain ]
| 000 -LEADER | |
|---|---|
| fixed length control field | 00339nam a22001457a 4500 |
| 003 - CONTROL NUMBER IDENTIFIER | |
| control field | SGT |
| 082 ## - DEWEY DECIMAL CLASSIFICATION NUMBER | |
| Classification number | 617.632 |
| Item number | M21D |
| 100 ## - MAIN ENTRY--PERSONAL NAME | |
| Personal name | Darpan |
| 245 ## - TITLE STATEMENT | |
| Title | Minimally Invasive versus Conventional,,, |
| 260 ## - PUBLICATION, DISTRIBUTION, ETC. (IMPRINT) | |
| Place of publication, distribution, etc | Gurugram, Haryana |
| Name of publisher, distributor, etc | SGT University |
| Year of Publication | 2021 |
| 300 ## - PAGE DESCRIPTION | |
| No. of Pages | 60 |
| 650 ## - SUBJECT ADDED ENTRY--TOPICAL TERM | |
| Topical term or geographic name as entry element | Oral Surgery |
| 653 ## - KEYWORDS--INDEX TERM | |
| Keyword term | Oral Surgery |
| 942 ## - ADDED ENTRY ELEMENTS (KOHA) | |
| Source of classification or shelving scheme | Dewey Decimal Classification |
| Koha item type | Thesis/Dissertation |
| Withdrawn status | Lost status | Source of classification or shelving scheme | Damaged status | Use restrictions | Not for loan | Home library | Current library | Date acquired | Total Checkouts | Full call number | Accession No. (Barcode) | Date last seen | Bill Date | Koha item type |
|---|---|---|---|---|---|---|---|---|---|---|---|---|---|---|
| Dewey Decimal Classification | Restricted Access | Not For Loan | SGT Dental Library | SGT Dental Library | 20/12/2022 | 617.632 M21D | DT1353 | 20/12/2022 | 20/12/2022 | Thesis/Dissertation |